[Event "St Petersburg Rudenko Memorial (Women)"]
[Site "St Petersburg"]
[Date "2011.08.31"]
[Round "9"]
[White "Butneva, Larisa"]
[Black "Savrova, Lidia"]
[Result "0-1"]
[WhiteElo "1868"]
[BlackElo "1591"]
[PlyCount "116"]
[EventDate "2011.08.23"]
[EventType "swiss"]
[EventRounds "9"]
[EventCountry "RUS"]
[SourceTitle "CBM 144 Extra"]
[Source "ChessBase"]
[SourceDate "2011.10.28"]
[SourceVersion "1"]
[SourceVersionDate "2011.10.28"]
[SourceQuality "1"]

1. c4 f5 2. d4 Nf6 3. Nc3 g6 4. g3 Bg7 5. Bg2 0-0 6. Nf3 e6 7. h4 h6 8. Bf4 d6 9. Qb3 Kh8 10. 0-0-0 Qe7 11. Qc2 Ng4 12. e4 c6 13. exf5 exf5 14. Rhe1 Qd8 15. d5 a5 16. dxc6 Nxc6 17. Rxd6 Qb6 18. Re2 Kh7 19. Nd5 Qc5 20. Ne7 Nb4 21. Rd5 Nxd5 22. Nxd5 b5 23. Nd2 Bb7 24. Nf6+ Bxf6 25. Bxb7 Rae8 26. Qd3 Qd4 27. Qxd4 Bxd4 28. Rxe8 Rxe8 29. f3 Re1+ 30. Kc2 Ne3+ 31. Bxe3 Bxe3 32. cxb5 Bxd2 33. Kxd2 Rg1 34. b6 Rg2+ 35. Kc3 Rg1 36. Kb3 Rc1 37. Ka4 Rc2 38. Kb3 Rd2 39. Bc8 Rd6 40. b7 Rb6+ 41. Kc3 Kg7 42. b3 Kf6 43. Kd4 Ke7 44. Kc5 Rb4 45. Kc6 Kd8 46. Kd6 Rb6+ 47. Kc5 Kc7 48. f4 Rb4 49. h5 gxh5 50. Bxf5 Rxb7 51. Bg6 h4 52. gxh4 Rb4 53. f5 Rxh4 54. Kb5 Rh2 55. a4 Rb2 56. f6 Rxb3+ 57. Kxa5 Rb6 58. f7 Rf6 0-1

[Event "St Petersburg Rudenko Memorial (Women)"]
[Site "St Petersburg"]
[Date "2011.08.28"]
[Round "6"]
[White "Butneva, Larisa"]
[Black "Yusupova, Lilia"]
[Result "1-0"]
[WhiteElo "1868"]
[BlackElo "1672"]
[PlyCount "85"]
[EventDate "2011.08.23"]
[EventType "swiss"]
[EventRounds "9"]
[EventCountry "RUS"]
[SourceTitle "CBM 144 Extra"]
[Source "ChessBase"]
[SourceDate "2011.10.28"]
[SourceVersion "1"]
[SourceVersionDate "2011.10.28"]
[SourceQuality "1"]

1. e4 c5 2. Nc3 Nc6 3. f4 e6 4. Nf3 Nge7 5. Nb5 d6 6. d4 cxd4 7. Nfxd4 a6 8. Nxc6 Nxc6 9. Nc3 Be7 10. Be3 Bh4+ 11. g3 Bf6 12. Qd2 b5 13. Bg2 Bb7 14. Qf2 Bxc3+ 15. bxc3 Ne7 16. 0-0 0-0 17. Rfd1 Qd7 18. Bc5 Nc8 19. e5 Bxg2 20. Qxg2 d5 21. Bxf8 Kxf8 22. Qf2 Qc7 23. Qd4 Nb6 24. Rf1 g6 25. Rae1 Rc8 26. Rf3 Na4 27. Ree3 Qc5 28. Qd2 Nb2 29. Qd4 Na4 30. Qxc5+ Nxc5 31. g4 Ne4 32. f5 Ke7 33. h4 Rc4 34. fxg6 hxg6 35. Rd3 Nc5 36. Rd4 Ra4 37. Rxa4 Nxa4 38. Kf1 Nc5 39. h5 gxh5 40. gxh5 Nd7 41. h6 Nxe5 42. h7 Ng6 43. Rg3 1-0

[Event "St Petersburg Rudenko Memorial (Women)"]
[Site "St Petersburg"]
[Date "2011.08.25"]
[Round "3"]
[White "Chernyak, Viktoria"]
[Black "Butneva, Larisa"]
[Result "1-0"]
[WhiteElo "1768"]
[BlackElo "1868"]
[PlyCount "81"]
[EventDate "2011.08.23"]
[EventType "swiss"]
[EventRounds "9"]
[EventCountry "RUS"]
[SourceTitle "CBM 144 Extra"]
[Source "ChessBase"]
[SourceDate "2011.10.28"]
[SourceVersion "1"]
[SourceVersionDate "2011.10.28"]
[SourceQuality "1"]

1. e4 d5 2. exd5 Qxd5 3. Nf3 Nf6 4. Be2 a6 5. a4 Nc6 6. d4 Bg4 7. 0-0 e6 8. Be3 h6 9. c4 Qh5 10. h3 Bxh3 11. gxh3 Qxh3 12. Ne5 Bd6 13. Bf4 0-0-0 14. Ra3 Bxa3 15. Nxc6 bxc6 16. Nxa3 c5 17. Qe1 Rxd4 18. Bg3 Ne4 19. Be5 Rd7 20. Qa5 Kb7 21. Nb5 Rc8 22. b4 f6 23. bxc5 Nxc5 24. Rb1 fxe5 25. Nd6+ Kc6 26. Nxc8 Rd4 27. Rb5 Nb3 28. Qxa6+ Kd7 29. Qb7 Nd2 30. Nb6+ Ke7 31. Qxc7+ Ke8 32. Qc6+ Kf7 33. Qg2 Qc3 34. Qg3 Qa1+ 35. Kg2 Rf4 36. Nd7 Rf5 37. Nxe5+ Ke8 38. Rb8+ Ke7 39. Qxg7+ Kd6 40. Rb6+ Kc5 41. Nd7# 1-0

[Event "St Petersburg Rudenko Memorial (Women)"]
[Site "St Petersburg"]
[Date "2011.08.24"]
[Round "2"]
[White "Butneva, Larisa"]
[Black "Petrochenko, Maria"]
[Result "0-1"]
[WhiteElo "1868"]
[BlackElo "1491"]
[PlyCount "134"]
[EventDate "2011.08.23"]
[EventType "swiss"]
[EventRounds "9"]
[EventCountry "RUS"]
[SourceTitle "CBM 144 Extra"]
[Source "ChessBase"]
[SourceDate "2011.10.28"]
[SourceVersion "1"]
[SourceVersionDate "2011.10.28"]
[SourceQuality "1"]

1. e4 c5 2. Nc3 Nc6 3. f4 g6 4. Nf3 Bg7 5. Bc4 Nf6 6. e5 Ng8 7. d4 cxd4 8. Nxd4 d6 9. Nxc6 bxc6 10. Bb3 d5 11. Ba4 Bd7 12. Be3 e6 13. 0-0 Ne7 14. Bc5 0-0 15. Qe2 Re8 16. b4 Nf5 17. g4 Ne7 18. Qe3 Nc8 19. g5 Nb6 20. Bb3 Bf8 21. Bxf8 Rxf8 22. Rad1 Qe7 23. a3 Rac8 24. Na4 Nxa4 25. Bxa4 c5 26. Bxd7 Qxd7 27. bxc5 Qc6 28. Rf2 Qxc5 29. Qh3 Qc3 30. Rd3 Qe1+ 31. Rf1 Qe4 32. c3 Qf5 33. Qg3 Rc4 34. Rd4 Rfc8 35. Rxc4 Rxc4 36. Qe3 Rc7 37. Rf3 Qb1+ 38. Rf1 Qb6 39. Qxb6 axb6 40. Rf3 Ra7 41. c4 dxc4 42. Kf2 b5 43. h3 Kf8 44. Rc3 Ke7 45. Ke3 Kd7 46. Kd2 Kc6 47. Ke3 Kc5 48. Ke4 Ra4 49. h4 Ra8 50. h5 Rh8 51. Rh3 Ra8 52. hxg6 hxg6 53. Rc3 b4 54. axb4+ Kxb4 55. Rc1 Ra3 56. Kd4 Rd3+ 57. Ke4 Rd2 58. Rb1+ Ka3 59. Ke3 Rb2 60. Rc1 Kb3 61. Kd4 Rd2+ 62. Ke3 c3 63. Rb1+ Rb2 64. Rc1 c2 65. Kd3 Ra2 66. Kd2 Kc4 67. Re1 Kd4 0-1

[Event "Voronezh op-B 15th"]
[Site "Voronezh"]
[Date "2011.06.20"]
[Round "9"]
[White "Butneva, Larisa"]
[Black "Mikhailov, Artem"]
[Result "1/2-1/2"]
[WhiteElo "1859"]
[BlackElo "1666"]
[PlyCount "60"]
[EventDate "2011.06.12"]
[EventType "swiss"]
[EventRounds "9"]
[EventCountry "RUS"]
[SourceTitle "CBM 143 Extra"]
[Source "ChessBase"]
[SourceDate "2011.08.29"]
[SourceVersion "1"]
[SourceVersionDate "2011.08.29"]
[SourceQuality "1"]

1. d4 f5 2. Nc3 Nf6 3. Bg5 d5 4. Nf3 e6 5. Ne5 Be7 6. f3 Nbd7 7. Nd3 0-0 8. Qd2 b6 9. g3 c5 10. Nf4 Nb8 11. e3 h6 12. Bxf6 Bxf6 13. Ng6 Rf7 14. f4 Nc6 15. Ne5 Bxe5 16. fxe5 Qg5 17. Bb5 Bb7 18. Bxc6 Bxc6 19. 0-0-0 c4 20. Ne2 b5 21. h4 Qe7 22. a3 a5 23. c3 Rb8 24. Nf4 b4 25. Ng6 Qb7 26. cxb4 axb4 27. Qxb4 Qxb4 28. axb4 Rxb4 29. Nf4 Rfb7 30. Rh2 Kf7 1/2-1/2

[Event "Moscow op-F (Women)"]
[Site "Moscow"]
[Date "2011.01.29"]
[Round "1"]
[White "Butneva, Larisa"]
[Black "Travkina, Anastasia"]
[Result "0-1"]
[WhiteElo "1867"]
[BlackElo "2189"]
[PlyCount "76"]
[EventDate "2011.01.29"]
[EventType "swiss"]
[EventRounds "9"]
[EventCountry "RUS"]
[SourceTitle "CBM 140 Extra"]
[Source "ChessBase"]
[SourceDate "2011.03.01"]
[SourceVersion "1"]
[SourceVersionDate "2011.03.01"]
[SourceQuality "1"]

1. c4 e5 2. Nc3 Nc6 3. g3 Bc5 4. Bg2 d6 5. e3 a6 6. a3 Ba7 7. b4 Nge7 8. Nge2 0-0 9. 0-0 Bg4 10. h3 Bh5 11. g4 Bg6 12. d4 f5 13. c5 fxg4 14. hxg4 Qd7 15. Ng3 Rad8 16. Bb2 dxc5 17. dxc5 Qe6 18. Qc1 Qxg4 19. Rd1 h5 20. Rxd8 Rxd8 21. Nge4 h4 22. Kf1 h3 23. Bh1 Nf5 24. Ne2 Kh8 25. N4g3 Nh4 26. e4 h2 27. Bg2 Nxg2 28. Kxg2 Bxe4+ 29. Kxh2 Bf3 30. Qe3 Rf8 31. Bxe5 Nxe5 32. Qxe5 Qh4+ 33. Kg1 Qh3 34. Qh5+ Bxh5 35. Nxh5 Qxh5 36. Ng3 Qf3 37. Rf1 c6 38. Kh2 Bb8 0-1

[Event "Bykova Memorial op (Women)"]
[Site "Suzdal"]
[Date "2009.12.13"]
[Round "5"]
[White "Semenova, Elena"]
[Black "Butneva, Larisa"]
[Result "1-0"]
[WhiteElo "2115"]
[BlackElo "1857"]
[PlyCount "47"]
[EventDate "2009.12.09"]
[EventType "swiss"]
[EventRounds "9"]
[EventCountry "RUS"]
[SourceTitle "EXT 2011"]
[Source "ChessBase"]
[SourceDate "2010.11.26"]
[SourceVersion "1"]
[SourceVersionDate "2010.11.26"]
[SourceQuality "1"]

1. e4 c5 2. Nf3 d6 3. d4 cxd4 4. Nxd4 Nf6 5. Nc3 a6 6. f4 Qc7 7. Qf3 Nbd7 8. Be3 e6 9. g4 b5 10. g5 b4 11. Ncb5 axb5 12. gxf6 Nxf6 13. Bxb5+ Bd7 14. e5 Nd5 15. f5 Bxb5 16. Nxb5 Qd7 17. c4 bxc3 18. Nxc3 dxe5 19. fxe6 fxe6 20. Rd1 Rd8 21. 0-0 Bb4 22. Nxd5 exd5 23. Qh5+ g6 24. Qxe5+ 1-0

[Event "St Petersburg Rudenko Memorial (Women)"]
[Site "St Petersburg"]
[Date "2009.09.03"]
[Round "9"]
[White "Tskhadadze, Anna"]
[Black "Butneva, Larisa"]
[Result "0-1"]
[WhiteElo "1843"]
[BlackElo "1857"]
[PlyCount "98"]
[EventDate "2009.08.24"]
[EventType "swiss"]
[EventRounds "9"]
[EventCountry "RUS"]
[SourceTitle "CBM 132 Extra"]
[Source "ChessBase"]
[SourceDate "2009.11.03"]
[SourceVersion "1"]
[SourceVersionDate "2009.11.03"]
[SourceQuality "1"]

1. d4 Nf6 2. c4 e6 3. Nc3 Bb4 4. a3 Bxc3+ 5. bxc3 Ne4 6. Qc2 f5 7. Nf3 b6 8. e3 0-0 9. Bd3 Bb7 10. 0-0 d6 11. Nd2 Nxd2 12. Qxd2 Nd7 13. f3 Nf6 14. Qe2 Qd7 15. e4 fxe4 16. fxe4 e5 17. d5 Rf7 18. h3 Raf8 19. Be3 Qa4 20. Bc2 Qe8 21. Rf2 Nd7 22. Raf1 Ba6 23. Ba4 Rxf2 24. Rxf2 Rxf2 25. Bxf2 Qf7 26. Bb5 Bxb5 27. cxb5 Qf4 28. Qc4 Nf6 29. Qxc7 Nxe4 30. Qc8+ Qf8 31. Qe6+ Kh8 32. Be1 Nc5 33. Qg4 h6 34. Qg6 Qe7 35. Bf2 e4 36. Be3 Nd7 37. Bf4 Nf6 38. c4 e3 39. Qd3 e2 40. Bg3 e1Q+ 41. Bxe1 Qxe1+ 42. Kh2 Qe5+ 43. Kh1 Ne4 44. Qf3 Ng3+ 45. Kh2 Nf1+ 46. Kg1 Nd2 47. Qf2 Nxc4 48. Qf8+ Kh7 49. Qc8 Qxd5 0-1

[Event "St Petersburg Rudenko Memorial (Women)"]
[Site "St Petersburg"]
[Date "2009.09.01"]
[Round "7"]
[White "Savrova, Lidia"]
[Black "Butneva, Larisa"]
[Result "0-1"]
[WhiteElo "1672"]
[BlackElo "1857"]
[PlyCount "102"]
[EventDate "2009.08.24"]
[EventType "swiss"]
[EventRounds "9"]
[EventCountry "RUS"]
[SourceTitle "CBM 132 Extra"]
[Source "ChessBase"]
[SourceDate "2009.11.03"]
[SourceVersion "1"]
[SourceVersionDate "2009.11.03"]
[SourceQuality "1"]

1. d4 Nf6 2. e3 e6 3. Bd3 c5 4. c3 cxd4 5. exd4 d5 6. Nf3 Bd6 7. Bg5 h6 8. Bh4 Nbd7 9. 0-0 Qb6 10. Qc2 0-0 11. Re1 Qc7 12. Bxf6 Nxf6 13. Ne5 a6 14. f4 Nh5 15. Rf1 f5 16. Qe2 Nf6 17. Rf3 Bd7 18. Rh3 Bxe5 19. fxe5 Ne4 20. Nd2 Ng5 21. Rh4 Qd8 22. Rf4 Be8 23. Raf1 Bg6 24. h4 Nf7 25. h5 Bh7 26. Nf3 Ng5 27. Nh4 Ne4 28. Bxe4 dxe4 29. Qf2 Qg5 30. Qe2 Rad8 31. Kh2 Rfe8 32. g3 Rd7 33. Ng2 g6 34. Rh4 Rg7 35. Nf4 Kh8 36. Rg1 Rgg8 37. Nh3 Qe7 38. hxg6 Rxg6 39. Nf4 Rxg3 40. Rxh6 Rxg1 41. Kxg1 Qg5+ 42. Ng2 Qxh6 43. c4 f4 44. Qf2 Rg8 45. Kf1 Qh1+ 46. Qg1 Qxg1+ 47. Kxg1 f3 48. d5 Rxg2+ 49. Kf1 exd5 50. cxd5 e3 51. d6 Bd3+ 0-1

[Event "St Petersburg Rudenko Memorial (Women)"]
[Site "St Petersburg"]
[Date "2009.08.30"]
[Round "5"]
[White "Kiseleva, Arina"]
[Black "Butneva, Larisa"]
[Result "1-0"]
[WhiteElo "1877"]
[BlackElo "1857"]
[PlyCount "91"]
[EventDate "2009.08.24"]
[EventType "swiss"]
[EventRounds "9"]
[EventCountry "RUS"]
[SourceTitle "CBM 132 Extra"]
[Source "ChessBase"]
[SourceDate "2009.11.03"]
[SourceVersion "1"]
[SourceVersionDate "2009.11.03"]
[SourceQuality "1"]

1. d4 Nf6 2. Nf3 e6 3. Bg5 d5 4. e3 Be7 5. c4 b6 6. cxd5 Nxd5 7. Bxe7 Qxe7 8. Nc3 0-0 9. Nxd5 exd5 10. Bd3 Bg4 11. 0-0 Nd7 12. Qc2 Nf6 13. Ne5 h6 14. Nxg4 Nxg4 15. h3 Nf6 16. Rac1 Ne8 17. Qc6 Rd8 18. Qb7 a5 19. Bb5 Qb4 20. Bxe8 Rfxe8 21. Rxc7 Rf8 22. Rc2 Qb5 23. Qc6 Qd3 24. Rfc1 Rc8 25. Qa4 Rxc2 26. Qxc2 Qb5 27. Qb3 Qd7 28. Qxb6 a4 29. Qc6 Qxc6 30. Rxc6 Rb8 31. Rc2 Kf8 32. Kf1 Ke7 33. Ke2 Kd6 34. Kd3 f5 35. f3 g6 36. e4 Rb6 37. e5+ Ke6 38. b3 axb3 39. Rb2 g5 40. axb3 f4 41. b4 Kf5 42. b5 h5 43. Kc3 g4 44. Kb4 Rg6 45. Kc5 Ke6 46. b6 1-0

[Event "Voronezh op-B 13th"]
[Site "Voronezh"]
[Date "2009.06.12"]
[Round "1"]
[White "Fadin, Evgeny"]
[Black "Butneva, Larisa"]
[Result "1-0"]
[WhiteElo "2152"]
[BlackElo "1857"]
[PlyCount "49"]
[EventDate "2009.06.12"]
[EventType "swiss"]
[EventRounds "9"]
[EventCountry "RUS"]
[SourceTitle "CBM 130 Extra"]
[Source "ChessBase"]
[SourceDate "2009.07.02"]
[SourceVersion "2"]
[SourceVersionDate "2009.07.15"]
[SourceQuality "1"]

1. e4 c5 2. Nf3 d6 3. d4 cxd4 4. Qxd4 a6 5. Bg5 Nc6 6. Qd2 h6 7. Bh4 g5 8. Bg3 Bg7 9. Nc3 Nf6 10. Bd3 Bg4 11. e5 dxe5 12. Nxe5 Nxe5 13. Bxe5 Qa5 14. f4 gxf4 15. Bxf4 Qh5 16. 0-0 Rd8 17. Rae1 Rd7 18. Re5 Rxd3 19. Qxd3 Qg6 20. Rxe7+ Kxe7 21. Qd6+ Ke8 22. Re1+ Be6 23. Qb8+ Kd7 24. Qc7+ Ke8 25. Bd6 1-0

[Event "Moscow op (Women)"]
[Site "Moscow"]
[Date "2009.02.01"]
[Round "2"]
[White "Butneva, Larisa"]
[Black "Larina, Marija"]
[Result "0-1"]
[WhiteElo "1875"]
[BlackElo "2109"]
[PlyCount "50"]
[EventDate "2009.01.31"]
[EventType "swiss"]
[EventRounds "9"]
[EventCountry "RUS"]
[SourceTitle "EXT 2012"]
[Source "ChessBase"]
[SourceDate "2011.11.24"]
[SourceVersion "1"]
[SourceVersionDate "2011.11.24"]
[SourceQuality "1"]

1. e4 c5 2. Nc3 Nc6 3. f4 e6 4. Bc4 g6 5. Nf3 Bg7 6. 0-0 Nge7 7. Qe1 0-0 8. e5 f6 9. d3 fxe5 10. fxe5 Qc7 11. Bg5 Nf5 12. Bf4 a6 13. a4 Nfd4 14. Nxd4 cxd4 15. Ne2 Nxe5 16. Bb3 Qc5 17. Qg3 b6 18. Rf2 Bb7 19. Re1 Rf5 20. c3 Nf7 21. cxd4 Qb4 22. Ref1 Qxb3 23. Qe3 Qxa4 24. g4 Qc6 25. Ng3 Rd5 0-1

[Event "RUS-ch Seniors (Women)"]
[Site "Odintsovo"]
[Date "2008.10.10"]
[Round "8"]
[White "Milashevskaja, Valentina"]
[Black "Butneva, Larisa"]
[Result "1/2-1/2"]
[WhiteElo "1831"]
[BlackElo "1857"]
[PlyCount "22"]
[EventDate "2008.10.02"]
[EventType "swiss"]
[EventRounds "9"]
[EventCountry "RUS"]
[SourceTitle "CBM 127 Extra"]
[Source "ChessBase"]
[SourceDate "2009.01.08"]
[SourceVersion "2"]
[SourceVersionDate "2009.01.28"]
[SourceQuality "1"]

1. e4 g6 2. Nf3 Bg7 3. d4 d6 4. Nc3 Nf6 5. Bf4 Nbd7 6. Be2 0-0 7. Qd2 e5 8. dxe5 dxe5 9. Nxe5 Nxe4 10. Nxe4 Nxe5 11. Qxd8 Rxd8 1/2-1/2